000 00537nam a2200205Ia 4500
005 20250425162606.0
008 250425s9999 xx 000 0 und d
020 _a9780137027415
041 _aeng
082 _a621.3822
100 _aLYONS, RICHARD G.
245 0 _aUNDERSTANDING DIGITAL SIGNAL PROCESSING
250 _a3RD ED.
260 _aEstados Unidos
_bPRENTICE HALL
_c2011
260 _aUPPER SADDLE RIVER
300 _a954
650 _aPROCESAMIENTO DE SEÑALES-TECNICAS DIGITALES
942 _c01
010 _a87949
999 _c232384
_d232384